000 00335pab a2200145 454500
008 180718b1983 xxu||||| |||| 00| 0 eng d
100 _aBrotchie, John F.
245 _aComputer use in urban planning
260 _c1983
300 _a38-44
362 _aSept.
650 _aComputers
773 _aNational Development
909 _a6299
999 _c6299
_d6299